[Event "Golden Rook op 56th"]
[Site "Chotowa"]
[Date "2014.06.10"]
[Round "3"]
[White "Antolak, Julia"]
[Black "Buksa, Ewelina"]
[Result "1-0"]
[WhiteElo "1869"]
[BlackElo "1623"]
[PlyCount "123"]
[EventDate "2014.06.08"]
[EventType "team-swiss"]
[EventRounds "9"]
[EventCountry "POL"]
[SourceTitle "EXT 2015"]
[Source "ChessBase"]
[SourceDate "2014.11.20"]
[SourceVersion "1"]
[SourceVersionDate "2014.11.20"]
[SourceQuality "1"]

1. e4 e5 2. Nf3 Nc6 3. Bb5 Nf6 4. 0-0 d6 5. c3 a6 6. Ba4 b5 7. Bc2 Be7 8. d4 exd4 9. cxd4 0-0 10. d5 Ne5 11. Nd4 c5 12. dxc6 Qc7 13. f4 Nxc6 14. Nxc6 Qxc6 15. Qd3 g6 16. Nc3 Bb7 17. Be3 d5 18. exd5 Nxd5 19. Nxd5 Qxd5 20. Qe2 Bc5 21. Bxc5 Qxc5+ 22. Qf2 Rac8 23. Bb3 Qxf2+ 24. Rxf2 Rc5 25. Rd1 Rfc8 26. Rd7 R8c7 27. Bxf7+ Kf8 28. Rxc7 Rxc7 29. Bb3 Kg7 30. h4 Kf6 31. Kh2 h5 32. Rd2 Re7 33. Bc2 Re6 34. Rf2 Be4 35. Bxe4 Rxe4 36. g3 Rd4 37. Rc2 Rd6 38. Kg2 Kf5 39. Kh3 Ke4 40. Kg2 Kf5 41. Rc5+ Kf6 42. Kf3 Rd3+ 43. Ke4 Rd6 44. f5 gxf5+ 45. Rxf5+ Kg6 46. Rf2 Re6+ 47. Kd4 Rc6 48. Kd5 Rb6 49. Re2 Kg7 50. Re7+ Kg8 51. Re5 Rh6 52. Re6 Rh7 53. Rg6+ Kf8 54. Rxa6 Rf7 55. Rb6 Rf3 56. Rxb5 Rxg3 57. Ke6 Rg2 58. a4 Rg4 59. a5 Rxh4 60. b4 Rg4 61. Kf6 Ke8 62. a6 1-0

[Event "POL-chT2"]
[Site "Poronin"]
[Date "2013.09.14"]
[Round "8.78"]
[White "Buksa, Ewelina"]
[Black "Paprocka, Renata"]
[Result "0-1"]
[WhiteElo "1617"]
[BlackElo "1970"]
[PlyCount "72"]
[EventDate "2013.09.06"]
[EventType "team-swiss"]
[EventRounds "9"]
[EventCountry "POL"]
[SourceTitle "EXT 2015"]
[Source "ChessBase"]
[SourceDate "2014.11.20"]
[SourceVersion "1"]
[SourceVersionDate "2014.11.20"]
[SourceQuality "1"]
[WhiteTeam "Prudnik LKS Zarzewie"]
[BlackTeam "Bydgoszcz Chemik"]
[WhiteTeamCountry "POL"]
[BlackTeamCountry "POL"]

1. e4 c5 2. Nf3 d6 3. d4 cxd4 4. Nxd4 Nf6 5. Nc3 g6 6. Be2 Bg7 7. Be3 0-0 8. 0-0 Nc6 9. Kh1 d5 10. exd5 Nxd5 11. Nxd5 Qxd5 12. Nxc6 bxc6 13. Bf3 Qa5 14. c3 Rb8 15. Qc2 Bf5 16. Qc1 c5 17. Rd1 Rfd8 18. g4 Be6 19. h3 Rxd1+ 20. Bxd1 Qb5 21. Bb3 c4 22. Bd1 Qb7+ 23. Kg1 Qxb2 24. Bxa7 Qxc1 25. Rxc1 Ra8 26. Bc5 Rxa2 27. Bf3 Bf6 28. Bb4 Rd2 29. Be4 Bd5 30. Bxd5 Rxd5 31. Rc2 Rd3 32. Kg2 Kf8 33. f3 Be5 34. Kf2 Bd6 35. Ba5 Bc5+ 36. Ke1 Re3+ 0-1

[Event "POL-chT2"]
[Site "Poronin"]
[Date "2013.09.11"]
[Round "5.72"]
[White "Murawko, Katarzyna"]
[Black "Buksa, Ewelina"]
[Result "1-0"]
[WhiteElo "1940"]
[BlackElo "1617"]
[PlyCount "69"]
[EventDate "2013.09.06"]
[EventType "team-swiss"]
[EventRounds "9"]
[EventCountry "POL"]
[SourceTitle "EXT 2015"]
[Source "ChessBase"]
[SourceDate "2014.11.20"]
[SourceVersion "1"]
[SourceVersionDate "2014.11.20"]
[SourceQuality "1"]
[WhiteTeam "Minsk Mazowiecki MTSz"]
[BlackTeam "Prudnik LKS Zarzewie"]
[WhiteTeamCountry "POL"]
[BlackTeamCountry "POL"]

1. e4 e5 2. Nf3 Nf6 3. d4 Nxe4 4. Bd3 d5 5. Nxe5 Bd6 6. 0-0 0-0 7. f3 Nf6 8. Bg5 Re8 9. Re1 c6 10. c3 Nbd7 11. f4 Nf8 12. Qc2 Be7 13. Nd2 N6d7 14. Ndf3 Nxe5 15. dxe5 Bg4 16. Bxe7 Rxe7 17. Nd2 Bd7 18. h3 Qc8 19. Nf3 c5 20. b3 c4 21. bxc4 dxc4 22. Be4 Bc6 23. Nd4 Bxe4 24. Qxe4 Qc5 25. Kh1 Rae8 26. Rab1 Qa3 27. Nf5 Rc7 28. Nd6 Ree7 29. Nb5 Qxa2 30. Nxc7 Rxc7 31. Red1 g6 32. f5 gxf5 33. Qxf5 Qa6 34. Rd6 Rc6 35. Rf1 1-0

[Event "Ogolnopolski-ch 55th"]
[Site "Zamosc"]
[Date "2013.??.??"]
[Round "3.28"]
[White "Belka, Marta"]
[Black "Buksa, Ewelina"]
[Result "0-1"]
[WhiteElo "1672"]
[BlackElo "1603"]
[PlyCount "68"]
[EventDate "2013.06.07"]
[EventType "swiss"]
[EventRounds "9"]
[EventCountry "POL"]
[SourceTitle "EXT 2014"]
[Source "ChessBase"]
[SourceDate "2013.11.20"]
[SourceVersion "1"]
[SourceVersionDate "2013.11.20"]
[SourceQuality "1"]

1. c4 e5 2. Nc3 c6 3. Nf3 d6 4. g3 Nf6 5. d3 Be6 6. Bg2 Be7 7. 0-0 0-0 8. a3 a5 9. Rb1 Nbd7 10. b4 axb4 11. axb4 h6 12. b5 Qc7 13. Nd2 d5 14. bxc6 bxc6 15. cxd5 cxd5 16. Nb5 Qa5 17. Nf3 Rfc8 18. Bd2 Qa6 19. Nc3 d4 20. Ne4 Nxe4 21. dxe4 Bc4 22. Re1 Rab8 23. e3 Rxb1 24. Qxb1 Bd3 25. Qd1 Rb8 26. exd4 Rb1 27. Bc1 Ba3 28. Qd2 Bb4 29. Qd1 Bxe1 30. Nxe1 Bb5 31. Qc2 Qa1 32. Bd2 Rxe1+ 33. Bxe1 Qxe1+ 34. Bf1 Qxf1# 0-1

[Event "Ogolnopolski-ch 55th"]
[Site "Zamosc"]
[Date "2013.??.??"]
[Round "6"]
[White "Buksa, Ewelina"]
[Black "Rozaniecka, Katarzyna"]
[Result "1-0"]
[WhiteElo "1603"]
[BlackElo "1539"]
[PlyCount "69"]
[EventDate "2013.06.07"]
[EventType "swiss"]
[EventRounds "9"]
[EventCountry "POL"]
[SourceTitle "EXT 2014"]
[Source "ChessBase"]
[SourceDate "2013.11.20"]
[SourceVersion "1"]
[SourceVersionDate "2013.11.20"]
[SourceQuality "1"]

1. e4 c6 2. d4 d5 3. Nc3 e6 4. Nf3 Nd7 5. Bd3 dxe4 6. Nxe4 Ngf6 7. 0-0 Qc7 8. Re1 Nxe4 9. Bxe4 Bd6 10. c4 b6 11. h3 0-0 12. d5 exd5 13. cxd5 Nf6 14. dxc6 Nxe4 15. Rxe4 Qxc6 16. Rh4 Rd8 17. Qe2 Bb7 18. Be3 Re8 19. Qd3 g6 20. Rc1 Qd7 21. Rd4 Rad8 22. Bf4 Bxf3 23. gxf3 Re6 24. Rd1 Qe7 25. Bxd6 Re1+ 26. Rxe1 Qxe1+ 27. Kg2 Qe6 28. a3 Qf6 29. Be5 Qg5+ 30. Bg3 Re8 31. h4 Qc1 32. Rd8 Qc6 33. Qd7 Qxd7 34. Rxd7 Re2 35. Rxa7 1-0

[Event "Ogolnopolski-ch 55th"]
[Site "Zamosc"]
[Date "2013.??.??"]
[Round "2"]
[White "Buksa, Ewelina"]
[Black "Rudnik, Anna"]
[Result "0-1"]
[WhiteElo "1603"]
[BlackElo "1589"]
[PlyCount "70"]
[EventDate "2013.06.07"]
[EventType "swiss"]
[EventRounds "9"]
[EventCountry "POL"]
[SourceTitle "EXT 2014"]
[Source "ChessBase"]
[SourceDate "2013.11.20"]
[SourceVersion "1"]
[SourceVersionDate "2013.11.20"]
[SourceQuality "1"]

1. e4 e5 2. Nf3 Nc6 3. d4 exd4 4. Nxd4 Bc5 5. Be3 Qf6 6. c3 Nge7 7. Bc4 Ne5 8. Bb3 Qg6 9. 0-0 0-0 10. Nf5 Nxf5 11. exf5 Qb6 12. Bf4 d6 13. f6 Bg4 14. Qd5 gxf6 15. Qe4 f5 16. Qd5 Ng6 17. Bh6 c6 18. Qd2 Rfe8 19. Qg5 Qd8 20. h3 Qxg5 21. Bxg5 Be2 22. Re1 Kg7 23. Na3 f4 24. Bc2 h6 25. Bxg6 hxg5 26. Bc2 f3 27. Bf5 fxg2 28. Kxg2 Re5 29. Bg4 Rae8 30. Bxe2 Rxe2 31. Rf1 Rxb2 32. Nc4 Rc2 33. Na5 Re7 34. c4 Bb6 35. Nb3 Ree2 0-1

[Event "POL-chT 2nd League"]
[Site "Lazy"]
[Date "2012.09.09"]
[Round "9"]
[White "Weglarz, Joanna"]
[Black "Buksa, Ewelina"]
[Result "1/2-1/2"]
[WhiteElo "2007"]
[BlackElo "1533"]
[PlyCount "81"]
[EventDate "2012.09.01"]
[EventType "team-swiss"]
[EventRounds "9"]
[EventCountry "POL"]
[SourceTitle "EXT 2019"]
[Source "ChessBase"]
[SourceDate "2018.10.10"]
[SourceVersion "1"]
[SourceVersionDate "2018.10.10"]
[SourceQuality "1"]
[WhiteTeam "Znin Baszta II"]
[BlackTeam "Prudnik LKS Zarzewie"]
[WhiteTeamCountry "POL"]
[BlackTeamCountry "POL"]

1. Nf3 d5 2. d4 e6 3. Bf4 Nf6 4. e3 Be7 5. Bd3 0-0 6. 0-0 c6 7. h3 b6 8. Nbd2 Bb7 9. c3 Nbd7 10. Qe2 h6 11. Ne5 Nxe5 12. Bxe5 Bd6 13. Bxd6 Qxd6 14. e4 dxe4 15. Nxe4 Qe7 16. Nxf6+ Qxf6 17. Be4 Rac8 18. Rad1 Rfd8 19. Rd2 Rd7 20. Rfd1 Rcd8 21. Bf3 Qe7 22. Qe3 Qd6 23. Re1 Qc7 24. Rdd1 Ba6 25. Qe4 Bb7 26. Qe5 Qxe5 27. dxe5 Rxd1 28. Rxd1 Rxd1+ 29. Bxd1 c5 30. f4 f6 31. Kf2 Kf7 32. Bc2 Bc6 33. g3 Bb7 34. Bd3 Bd5 35. a3 Ke7 36. Ke3 Kd7 37. Bb5+ Ke7 38. Bd3 Bc6 39. b4 Bg2 40. h4 Bd5 41. Bb5 1/2-1/2

[Event "POL-chT 2nd League"]
[Site "Lazy"]
[Date "2012.09.08"]
[Round "8"]
[White "Krupa, Anna"]
[Black "Buksa, Ewelina"]
[Result "1/2-1/2"]
[WhiteElo "1888"]
[BlackElo "1533"]
[PlyCount "85"]
[EventDate "2012.09.01"]
[EventType "team-swiss"]
[EventRounds "9"]
[EventCountry "POL"]
[SourceTitle "EXT 2019"]
[Source "ChessBase"]
[SourceDate "2018.10.10"]
[SourceVersion "1"]
[SourceVersionDate "2018.10.10"]
[SourceQuality "1"]
[WhiteTeam "Rybnik MKSz"]
[BlackTeam "Prudnik LKS Zarzewie"]
[WhiteTeamCountry "POL"]
[BlackTeamCountry "POL"]

1. d4 d5 2. Bg5 Nf6 3. Nd2 e6 4. e3 Be7 5. Bd3 c6 6. f4 Nbd7 7. Ngf3 b6 8. 0-0 Bb7 9. Ne5 0-0 10. Qe1 c5 11. c3 Ne4 12. Bxe7 Qxe7 13. Bb5 Ndf6 14. Ndf3 h6 15. Qh4 a6 16. Bd3 Rfe8 17. Qh3 Rad8 18. Rac1 b5 19. g4 Nh7 20. Rc2 c4 21. Bxe4 dxe4 22. Ne1 Nf8 23. f5 Qg5 24. Qg3 Nd7 25. h4 Qe7 26. fxe6 Nxe5 27. Qxe5 Qxe6 28. Qf4 Bc8 29. Rg2 Rd5 30. g5 hxg5 31. hxg5 Qg6 32. Qh4 Qh7 33. Qxh7+ Kxh7 34. Rxf7 Kg6 35. Rc7 Rxg5 36. Rxg7+ Kxg7 37. Rxg5+ Kf6 38. Rc5 Rg8+ 39. Kf2 Bd7 40. Ng2 Rh8 41. Re5 Rh2 42. Kg3 Rh3+ 43. Kf2 1/2-1/2

[Event "POL-chT 2nd League"]
[Site "Lazy"]
[Date "2012.09.06"]
[Round "6"]
[White "Buksa, Ewelina"]
[Black "Gluszko, Monika"]
[Result "0-1"]
[WhiteElo "1533"]
[BlackElo "1990"]
[PlyCount "70"]
[EventDate "2012.09.01"]
[EventType "team-swiss"]
[EventRounds "9"]
[EventCountry "POL"]
[SourceTitle "EXT 2019"]
[Source "ChessBase"]
[SourceDate "2018.10.10"]
[SourceVersion "1"]
[SourceVersionDate "2018.10.10"]
[SourceQuality "1"]
[WhiteTeam "Prudnik LKS Zarzewie"]
[BlackTeam "Warszawa Polonia II"]
[WhiteTeamCountry "POL"]
[BlackTeamCountry "POL"]

1. e4 c5 2. Nf3 d6 3. d4 cxd4 4. Nxd4 Nf6 5. Nc3 e6 6. Be2 Be7 7. 0-0 a6 8. a4 b6 9. f4 Bb7 10. Bf3 Qc7 11. Kh1 Nbd7 12. Bd2 0-0 13. Qe1 Nc5 14. e5 Ne8 15. Qg3 Rd8 16. Be3 f6 17. f5 exf5 18. Nxf5 dxe5 19. Bh5 Bd6 20. Bh6 Ne6 21. Rad1 Kh8 22. Bxe8 Rfxe8 23. Nxd6 Rxd6 24. Rxd6 Qxd6 25. Rd1 Qc7 26. Be3 Rd8 27. Qe1 Kg8 28. Rd2 Kf7 29. Qd1 Rxd2 30. Qxd2 Qc6 31. Kg1 b5 32. axb5 axb5 33. h3 Nd4 34. b4 Qxc3 35. Qxc3 Ne2+ 0-1

[Event "POL-chT 2nd League"]
[Site "Mrzezyno"]
[Date "2011.09.07"]
[Round "5"]
[White "Starczewska, Dominika"]
[Black "Buksa, Ewelina"]
[Result "1-0"]
[WhiteElo "1910"]
[BlackElo "1562"]
[PlyCount "65"]
[EventDate "2011.09.03"]
[EventType "team-swiss"]
[EventRounds "9"]
[EventCountry "POL"]
[SourceTitle "EXT 2015"]
[Source "ChessBase"]
[SourceDate "2014.11.20"]
[SourceVersion "1"]
[SourceVersionDate "2014.11.20"]
[SourceQuality "1"]
[WhiteTeam "Bogatynia UKS SP3"]
[BlackTeam "Prudnik LKS Zarzewie"]
[WhiteTeamCountry "POL"]
[BlackTeamCountry "POL"]

1. e4 e6 2. Nf3 d5 3. Nc3 dxe4 4. Nxe4 Bd7 5. d4 Bc6 6. Bd3 Nd7 7. c3 Ngf6 8. Bg5 Be7 9. Qc2 Nxe4 10. Bxe7 Qxe7 11. Bxe4 Bxe4 12. Qxe4 c6 13. 0-0 0-0 14. Rae1 Rfe8 15. Qg4 Nf6 16. Qg3 Rad8 17. Re5 Rd5 18. Rfe1 Red8 19. h3 h6 20. Nh4 Qf8 21. f4 Rxe5 22. dxe5 Nd5 23. f5 exf5 24. Nxf5 Kh8 25. Rf1 Rd7 26. Nd6 Re7 27. e6 f6 28. Qg6 Rxe6 29. Nf7+ Kg8 30. Nxh6+ Kh8 31. Nf7+ Kg8 32. Ng5 Qc5+ 33. Kh1 1-0

[Event "POL-chT 2nd League"]
[Site "Mrzezyno"]
[Date "2011.09.06"]
[Round "4"]
[White "Buksa, Ewelina"]
[Black "Sygulska, Anna"]
[Result "0-1"]
[WhiteElo "1562"]
[BlackElo "1885"]
[PlyCount "88"]
[EventDate "2011.09.03"]
[EventType "team-swiss"]
[EventRounds "9"]
[EventCountry "POL"]
[SourceTitle "EXT 2015"]
[Source "ChessBase"]
[SourceDate "2014.11.20"]
[SourceVersion "1"]
[SourceVersionDate "2014.11.20"]
[SourceQuality "1"]
[WhiteTeam "Prudnik LKS Zarzewie"]
[BlackTeam "Przemysl MKS Polonia"]
[WhiteTeamCountry "POL"]
[BlackTeamCountry "POL"]

1. e4 c5 2. Nf3 Nc6 3. d4 cxd4 4. Nxd4 Nf6 5. Nc3 g6 6. Be3 Bg7 7. Be2 0-0 8. 0-0 d5 9. exd5 Nxd5 10. Nxd5 Qxd5 11. Nxc6 Qxc6 12. c3 Bf5 13. Qb3 Be4 14. Bb5 Qc7 15. Rfd1 Bf5 16. Rd2 a6 17. Bf1 b5 18. g3 Be6 19. Qc2 Rac8 20. Bf4 Qc5 21. Be3 Qc7 22. a3 Be5 23. Bg2 Rfd8 24. h3 Bf5 25. Qd1 Rxd2 26. Qxd2 Rd8 27. Qe1 Bc2 28. Qe2 Bb3 29. Re1 Bf6 30. Bf4 Qc5 31. Kh2 e6 32. Be3 Qf5 33. Bb7 a5 34. Bg2 a4 35. Bf4 Bg5 36. Be3 Bc4 37. Qf3 Qxf3 38. Bxf3 Bxe3 39. Rxe3 Rd2 40. Kg2 Rxb2 41. Bc6 Rb3 42. f4 Rxa3 43. Kf2 Rb3 44. Re5 a3 0-1

[Event "POL-chT 2st League"]
[Site "Mrzezyno"]
[Date "2010.09.08"]
[Round "5.84"]
[White "Garbowska, Hanna"]
[Black "Buksa, Ewelina"]
[Result "1-0"]
[WhiteElo "2010"]
[BlackElo "1537"]
[PlyCount "83"]
[EventDate "2010.09.04"]
[EventType "team-swiss"]
[EventRounds "9"]
[EventCountry "POL"]
[SourceTitle "EXT 2019"]
[Source "ChessBase"]
[SourceDate "2018.10.10"]
[SourceVersion "1"]
[SourceVersionDate "2018.10.10"]
[SourceQuality "1"]
[WhiteTeam "Torun AZS UMK"]
[BlackTeam "Prudnik LKS Zarzewie"]
[WhiteTeamCountry "POL"]
[BlackTeamCountry "POL"]

1. e4 e5 2. Nf3 Nc6 3. Bc4 Bc5 4. d3 h6 5. 0-0 Nf6 6. c3 0-0 7. d4 exd4 8. cxd4 Bb6 9. d5 Ne7 10. e5 Nh7 11. Qd3 d6 12. Nc3 Bf5 13. Qe2 Ng6 14. Na4 Re8 15. Nxb6 axb6 16. e6 Qf6 17. Re1 Nhf8 18. Be3 Bg4 19. Bd4 Qe7 20. Qe4 Bxf3 21. Qxf3 Nh7 22. Bd3 Ngf8 23. Qf5 Nf6 24. Re3 Ra5 25. Rg3 N8h7 26. Qf3 fxe6 27. dxe6 Qxe6 28. Bc3 Qf7 29. Bxa5 bxa5 30. h3 b6 31. Bg6 Qe7 32. Bxe8 Qxe8 33. Qc3 Qd7 34. Re1 Kf8 35. Qd4 Ng5 36. Rge3 Nf7 37. Rf3 Qc6 38. Qe3 Qd7 39. Qd4 Qc6 40. Qc3 Qd7 41. Rxf6 gxf6 42. Qxf6 1-0

[Event "POL-chT 2nd League"]
[Site "Miedzyzdroje"]
[Date "2009.09.20"]
[Round "9"]
[White "Buksa, Ewelina"]
[Black "Kupczyk, Edyta"]
[Result "0-1"]
[WhiteElo "1538"]
[BlackElo "2135"]
[PlyCount "88"]
[EventDate "2009.09.12"]
[EventType "team-swiss"]
[EventRounds "9"]
[EventCountry "POL"]
[SourceTitle "EXT 2019"]
[Source "ChessBase"]
[SourceDate "2018.10.10"]
[SourceVersion "1"]
[SourceVersionDate "2018.10.10"]
[SourceQuality "1"]
[WhiteTeam "Prudnik LKS Zarzewie"]
[BlackTeam "Chroscice LZS Victoria"]
[WhiteTeamCountry "POL"]
[BlackTeamCountry "POL"]

1. e4 c5 2. Nf3 Nc6 3. c3 Nf6 4. d3 d6 5. Bf4 Bg4 6. Be2 e6 7. 0-0 Be7 8. Nbd2 0-0 9. Re1 b5 10. Qc2 Nd7 11. Rad1 Rc8 12. Qb1 e5 13. Be3 f5 14. Nf1 f4 15. Bc1 Qe8 16. h3 Bh5 17. N1h2 b4 18. d4 Kh8 19. d5 Nd8 20. cxb4 cxb4 21. Bd2 a5 22. Rc1 Nc5 23. a3 bxa3 24. bxa3 Ndb7 25. Bb5 Qf7 26. Bc6 Rb8 27. a4 g5 28. Qc2 Bg6 29. Qc4 h5 30. Rb1 Bf6 31. Rb5 Qh7 32. Bxa5 Nxa5 33. Rxa5 Bxe4 34. Nd2 Bd3 35. Qc1 e4 36. Qd1 Bc3 37. Rxc5 dxc5 38. Qc1 Bd4 39. Qa3 e3 40. fxe3 Bxe3+ 41. Kh1 Bxd2 42. Rd1 Be3 43. Nf3 g4 44. hxg4 hxg4+ 0-1

[Event "POL-chT 2nd League"]
[Site "Miedzyzdroje"]
[Date "2009.09.16"]
[Round "5"]
[White "Buksa, Ewelina"]
[Black "Dziopa, Malgorzata"]
[Result "1/2-1/2"]
[WhiteElo "1538"]
[BlackElo "1777"]
[PlyCount "78"]
[EventDate "2009.09.12"]
[EventType "team-swiss"]
[EventRounds "9"]
[EventCountry "POL"]
[SourceTitle "EXT 2019"]
[Source "ChessBase"]
[SourceDate "2018.10.10"]
[SourceVersion "1"]
[SourceVersionDate "2018.10.10"]
[SourceQuality "1"]
[WhiteTeam "Prudnik LKS Zarzewie"]
[BlackTeam "Lubsko Caissa"]
[WhiteTeamCountry "POL"]
[BlackTeamCountry "POL"]

1. e4 e5 2. Nf3 Nf6 3. Nc3 Bb4 4. d3 Nc6 5. Bd2 0-0 6. Be2 d5 7. Nxd5 Nxd5 8. exd5 Qxd5 9. 0-0 Bg4 10. Bxb4 Nxb4 11. a3 Nc6 12. Qd2 e4 13. Ne1 Bf5 14. Qc3 Nd4 15. Bd1 c6 16. dxe4 Bxe4 17. Qg3 Rad8 18. Nd3 Nf5 19. Qg4 Nh6 20. Qf4 Rfe8 21. Ne1 Re6 22. Bf3 Bxf3 23. Nxf3 Re2 24. Rac1 f6 25. Qb4 Qf7 26. Rfe1 Rxe1+ 27. Rxe1 Rd7 28. h3 Nf5 29. Qc5 Qd5 30. Qxa7 Kf7 31. Qb8 Kg6 32. Qe8+ Kh6 33. Nh2 g5 34. Qf8+ Kg6 35. Ng4 Qf7 36. Qb4 h5 37. Nh2 Rd4 38. Qc3 Kh6 39. Nf3 Rh4 1/2-1/2

[Event "POL-chT 2nd League"]
[Site "Ustron"]
[Date "2008.09.12"]
[Round "6.90"]
[White "Buksa, Ewelina"]
[Black "Smolenska, Olga"]
[Result "0-1"]
[WhiteElo "1555"]
[BlackElo "1932"]
[PlyCount "30"]
[EventDate "2008.09.06"]
[EventType "team-swiss"]
[EventRounds "9"]
[EventCountry "POL"]
[SourceTitle "EXT 2015"]
[Source "ChessBase"]
[SourceDate "2014.11.20"]
[SourceVersion "1"]
[SourceVersionDate "2014.11.20"]
[SourceQuality "1"]
[WhiteTeam "Prudnik LKS Zarzewie"]
[BlackTeam "Konin Hetman"]
[WhiteTeamCountry "POL"]
[BlackTeamCountry "POL"]

1. e4 d5 2. exd5 Nf6 3. Nf3 Nxd5 4. d4 Bg4 5. h3 Bh5 6. Be2 Nc6 7. 0-0 e6 8. b3 Bd6 9. Bb2 Qf6 10. Qd2 Nf4 11. Qe3 Qg6 12. Nh4 Qxc2 13. Bxh5 Qxb2 14. Bxf7+ Kxf7 15. Nc3 Qxc3 0-1

[Event "POL-chT 2nd League"]
[Site "Ustron"]
[Date "2008.09.10"]
[Round "4.84"]
[White "Buksa, Ewelina"]
[Black "Sikorska, Agata"]
[Result "0-1"]
[WhiteElo "1555"]
[BlackElo "2108"]
[PlyCount "70"]
[EventDate "2008.09.06"]
[EventType "team-swiss"]
[EventRounds "9"]
[EventCountry "POL"]
[SourceTitle "EXT 2015"]
[Source "ChessBase"]
[SourceDate "2014.11.20"]
[SourceVersion "1"]
[SourceVersionDate "2014.11.20"]
[SourceQuality "1"]
[WhiteTeam "Prudnik LKS Zarzewie"]
[BlackTeam "Poznan Lech"]
[WhiteTeamCountry "POL"]
[BlackTeamCountry "POL"]

1. e4 d6 2. d4 Nf6 3. Nc3 Nbd7 4. Nf3 e5 5. Be3 Be7 6. h3 0-0 7. Bc4 c6 8. 0-0 b5 9. Bd3 a6 10. a3 Bb7 11. Nd2 d5 12. exd5 cxd5 13. Be2 Bd6 14. Nb3 e4 15. Qd2 Qc7 16. Bd1 Ne8 17. Ne2 f5 18. Bf4 Rc8 19. Bxd6 Nxd6 20. c3 Nc4 21. Qc1 f4 22. Nd2 Rce8 23. b3 Nxd2 24. Qxd2 f3 25. Ng3 e3 26. Qc2 e2 27. Nxe2 fxe2 28. Bxe2 Nf6 29. Bd3 Rc8 30. Rac1 Qd6 31. Ra1 Ne4 32. Bxe4 dxe4 33. Rfe1 Qxd4 34. cxd4 Rxc2 35. b4 Rfxf2 0-1

[Event "Zlota Wieze 50"]
[Site "Pultusk"]
[Date "2008.07.03"]
[Round "6.5"]
[White "Buksa, Ewelina"]
[Black "Jadanowska, Beata"]
[Result "1/2-1/2"]
[WhiteElo "1555"]
[BlackElo "1856"]
[PlyCount "66"]
[EventDate "2008.06.30"]
[EventType "team"]
[EventRounds "9"]
[EventCountry "POL"]
[SourceTitle "EXT 2020"]
[Source "ChessBase"]
[SourceDate "2019.10.17"]
[SourceVersion "1"]
[SourceVersionDate "2019.10.17"]
[SourceQuality "1"]

1. e4 e5 2. Nf3 Nc6 3. d4 exd4 4. Nxd4 Bc5 5. Nxc6 Qf6 6. Qf3 Qxc6 7. Nc3 Bb4 8. Bd2 Nf6 9. Bd3 b6 10. a3 Bc5 11. 0-0 Bb7 12. Rfe1 0-0-0 13. Bg5 h6 14. Bxf6 gxf6 15. Qe2 Rhg8 16. Ba6 Qe6 17. Bxb7+ Kxb7 18. Qf3 c6 19. Rad1 Rg5 20. Rd3 Rdg8 21. g3 Be7 22. Red1 d6 23. Qf4 Qh3 24. Ne2 Rh5 25. Qf3 Qxh2+ 26. Kf1 Qh1+ 27. Qxh1 Rxh1+ 28. Kg2 Rxd1 29. Rxd1 Rg5 30. Nd4 d5 31. Nf3 Rg4 32. exd5 cxd5 33. Rxd5 Kc6 1/2-1/2

[Event "Zlota Wieze 50"]
[Site "Pultusk"]
[Date "2008.07.01"]
[Round "2.2"]
[White "Gosciniak, Maria"]
[Black "Buksa, Ewelina"]
[Result "1-0"]
[WhiteElo "2067"]
[BlackElo "1555"]
[PlyCount "63"]
[EventDate "2008.06.30"]
[EventType "team"]
[EventRounds "9"]
[EventCountry "POL"]
[SourceTitle "EXT 2020"]
[Source "ChessBase"]
[SourceDate "2019.10.17"]
[SourceVersion "1"]
[SourceVersionDate "2019.10.17"]
[SourceQuality "1"]

1. e4 e5 2. Nf3 Nc6 3. d4 exd4 4. Nxd4 Nf6 5. Nc3 Bb4 6. Nxc6 bxc6 7. Bd3 0-0 8. 0-0 Re8 9. Bg5 Bxc3 10. bxc3 h6 11. Bh4 d5 12. exd5 cxd5 13. Qf3 Be6 14. Bb5 Rf8 15. h3 Rb8 16. Rab1 Qe7 17. Rfd1 Rfd8 18. a4 Rb6 19. a5 Rbd6 20. Bg3 c6 21. Bxd6 Qxd6 22. Bf1 Qc5 23. a6 Ne4 24. Rd3 Rd7 25. Rb8+ Kh7 26. Ra8 Qd6 27. Rd1 Qe7 28. Bd3 g6 29. Bxe4 dxe4 30. Rxd7 Bxd7 31. Qe3 Qe6 32. Qd4 1-0